[Event "DSJ Weihnachtsturnier U16: Steinitz 2020"]
[Site ""]
[Date "2020.12.28"]
[Round "3"]
[White "Afonso, Nils"]
[Black "Vecera, Fabio"]
[Result "1-0"]
[Termination "time forfeit"]
[Board "3.2"]
[WhiteElo "1960"]
[BlackElo "1527"]
[WhiteTeam "SF 59 Kornwestheim"]
[BlackTeam "VfB Schach Leipzig"]
[PlyCount "95"]
[WhiteFideId "12990582"]
[BlackFideId "16281705"]
[EventRounds "7"]
[EventType "team-swiss"]
[EventDate "2020.12.28"]

1. d4 {[%emt 0:00:37]} d5 {[%emt 0:00:07]} 2. c4 {[%emt 0:00:01]} e6 {[%emt
0:00:03]} 3. Nc3 {[%emt 0:00:02]} f5 {[%emt 0:00:03]} 4. g3 {[%emt 0:00:04]}
Nf6 {[%emt 0:00:04]} 5. Bg2 {[%emt 0:00:03]} c6 {[%emt 0:00:02]} 6. cxd5 {[%emt
0:00:07]} exd5 {[%emt 0:00:03]} 7. Nh3 {[%emt 0:00:01]} Be7 {[%emt 0:00:06]} 8.
O-O {[%emt 0:00:01]} O-O {[%emt 0:00:03]} 9. Rb1 {[%emt 0:00:04]} Ne4 {[%emt
0:00:03]} 10. Qc2 {[%emt 0:00:11]} Nd7 {[%emt 0:00:19]} 11. Nf4 {[%emt
0:00:03]} Ndf6 {[%emt 0:00:07]} 12. Nd1 {[%emt 0:00:10]} Qb6 {[%emt 0:00:30]}
13. Be3 { [%emt 0:00:24]} Ng4 {[%emt 0:00:11]} 14. Qd3 {[%emt 0:00:19]} Nxe3
{[%emt 0:00:07]} 15. Nxe3 {[%emt 0:00:00]} Bf6 {[%emt 0:00:05]} 16. Rfd1 {[%emt
0:00:04]} Nd6 {[%emt 0:00:14]} 17. a4 {[%emt 0:00:12]} g5 {[%emt 0:00:27]} 18.
Nh3 { [%emt 0:00:28]} h6 {[%emt 0:00:34]} 19. Kh1 {[%emt 0:00:22]} Bg7 {[%emt
0:00:04]} 20. b3 {[%emt 0:00:30]} f4 {[%emt 0:00:04]} 21. gxf4 {[%emt 0:00:09]}
gxf4 {[%emt 0:00:03]} 22. Nc2 {[%emt 0:00:02]} Bf5 {[%emt 0:00:16]} 23. Qc3 {
[%emt 0:00:18]} Bxc2 {[%emt 0:00:06]} 24. Qxc2 {[%emt 0:00:01]} Bxd4 {[%emt
0:00:03]} 25. Qg6+ {[%emt 0:00:02]} Bg7 {[%emt 0:00:05]} 26. Qxd6 {[%emt
0:00:02] } Rad8 {[%emt 0:00:13]} 27. Qe6+ {[%emt 0:00:06]} Kh8 {[%emt 0:00:04]}
28. b4 { [%emt 0:00:08]} Rde8 {[%emt 0:00:03]} 29. Qd6 {[%emt 0:00:02]} Rxe2
{[%emt 0:00:03]} 30. Nxf4 {[%emt 0:00:07]} Rxf2 {[%emt 0:00:25]} 31. Ng6+
{[%emt 0:00:02]} Kg8 {[%emt 0:00:02]} 32. Nxf8 {[%emt 0:00:04]} Rxf8 {[%emt
0:00:02]} 33. Rf1 {[%emt 0:00:01]} Rxf1+ {[%emt 0:00:07]} 34. Rxf1 {[%emt
0:00:00]} Qe3 { [%emt 0:00:04]} 35. b5 {[%emt 0:00:03]} cxb5 {[%emt 0:00:06]}
36. Bxd5+ { [%emt 0:00:02]} Kh7 {[%emt 0:00:04]} 37. Bxb7 {[%emt 0:00:04]} bxa4
{[%emt 0:00:04]} 38. Qd5 {[%emt 0:00:06]} a3 {[%emt 0:00:03]} 39. Qe4+ {[%emt
0:00:01]} Qxe4+ {[%emt 0:00:01]} 40. Bxe4+ {[%emt 0:00:01]} Kg8 {[%emt
0:00:02]} 41. Bd5+ {[%emt 0:00:01]} Kh7 {[%emt 0:00:02]} 42. Kg2 {[%emt
0:00:02]} a5 {[%emt 0:00:04]} 43. Kg3 {[%emt 0:00:01]} a4 {[%emt 0:00:02]} 44.
Kg4 {[%emt 0:00:01]} Bb2 {[%emt 0:00:03]} 45. Kh5 {[%emt 0:00:02]} a2 {[%emt
0:00:02]} 46. Bxa2 { [%emt 0:00:02]} a3 {[%emt 0:00:02]} 47. Rf7+ {[%emt
0:00:03]} Kh8 {[%emt 0:00:02]} 48. Kg6 {[%emt 0:00:02] TimeB} 1-0

[Event "DSJ Weihnachtsturnier U16: Steinitz 2020"]
[Site ""]
[Date "2020.12.28"]
[Round "3"]
[White "Widmann, Maximilian"]
[Black "Kluge, Malte"]
[Result "0-1"]
[Termination "normal"]
[Board "3.3"]
[WhiteElo "1573"]
[BlackElo "1652"]
[WhiteTeam "VfB Schach Leipzig"]
[BlackTeam "SF 59 Kornwestheim"]
[PlyCount "108"]
[WhiteFideId "16281691"]
[BlackFideId "16243838"]
[EventRounds "7"]
[EventType "team-swiss"]
[EventDate "2020.12.28"]

1. Nf3 {[%emt 0:00:08]} c5 {[%emt 0:00:12]} 2. g3 {[%emt 0:00:03]} g6 {[%emt
0:00:07]} 3. Bg2 {[%emt 0:00:02]} Bg7 {[%emt 0:00:02]} 4. O-O {[%emt 0:00:06]}
Nf6 {[%emt 0:00:06]} 5. Nc3 {[%emt 0:00:03]} O-O {[%emt 0:00:32]} 6. b3 { [%emt
0:00:06]} d5 {[%emt 0:00:11]} 7. e3 {[%emt 0:00:16]} Nc6 {[%emt 0:00:05]} 8.
Rb1 {[%emt 0:00:33]} e5 {[%emt 0:00:44]} 9. Bb2 {[%emt 0:00:15]} e4 { [%emt
0:00:31]} 10. Ne1 {[%emt 0:00:07]} Bg4 {[%emt 0:01:19]} 11. f3 {[%emt 0:00:21]}
exf3 {[%emt 0:00:56]} 12. Bxf3 {[%emt 0:00:13]} Bxf3 {[%emt 0:00:26]} 13. Nxf3
{[%emt 0:00:04]} d4 {[%emt 0:00:08]} 14. exd4 {[%emt 0:00:15]} cxd4 { [%emt
0:00:11]} 15. Ne2 {[%emt 0:00:11]} Ne4 {[%emt 0:00:14]} 16. d3 {[%emt 0:00:41]}
Nc3 {[%emt 0:00:36]} 17. Nxc3 {[%emt 0:00:23]} dxc3 {[%emt 0:00:03]} 18. Bc1
{[%emt 0:00:14]} Qb6+ {[%emt 0:00:04]} 19. Kg2 {[%emt 0:00:27]} Rfe8 { [%emt
0:00:18]} 20. Re1 {[%emt 0:00:36]} Nd4 {[%emt 0:00:07]} 21. Bf4 {[%emt
0:00:56]} Rxe1 {[%emt 0:00:51]} 22. Qxe1 {[%emt 0:00:18]} Nxc2 {[%emt 0:00:05]}
23. Qf2 {[%emt 0:00:29]} Qxf2+ {[%emt 0:00:13]} 24. Kxf2 {[%emt 0:00:04]} Nd4 {
[%emt 0:00:18]} 25. Rc1 {[%emt 0:00:26]} Re8 {[%emt 0:00:42]} 26. Re1 {[%emt
0:00:27] VfBLeip2-003 offers a draw} Rxe1 {[%emt 0:00:15]} 27. Nxd4 {[%emt
0:00:23]} Re8 {[%emt 0:00:14]} 28. Nc2 {[%emt 0:00:06]} b5 {[%emt 0:00:05]} 29.
Be3 {[%emt 0:00:05]} a6 {[%emt 0:00:04]} 30. Kf3 {[%emt 0:00:06]} Bf6 {[%emt
0:00:06]} 31. Kf2 {[%emt 0:00:03]} Kg7 {[%emt 0:00:01]} 32. Kf3 {[%emt
0:00:02]} Be5 {[%emt 0:00:03]} 33. Kf2 {[%emt 0:00:07]} Kf6 {[%emt 0:00:02]}
34. Kf3 { [%emt 0:00:04]} Ke6 {[%emt 0:00:03]} 35. Nb4 {[%emt 0:00:11]} a5
{[%emt 0:00:04]} 36. Nc2 {[%emt 0:00:02]} b4 {[%emt 0:00:02]} 37. Ke4 {[%emt
0:00:12]} f5+ {[%emt 0:00:04]} 38. Kf3 {[%emt 0:00:07]} Kd5 {[%emt 0:00:03]}
39. Ke2 { [%emt 0:00:07]} Rf8 {[%emt 0:00:07]} 40. Kf3 {[%emt 0:00:09]} Re8
{[%emt 0:00:05]} 41. Ke2 {[%emt 0:00:04]} f4 {[%emt 0:00:01]} 42. gxf4 {[%emt
0:00:07]} Bxf4 {[%emt 0:00:01]} 43. Kf2 {[%emt 0:00:06]} Bxe3+ {[%emt 0:00:01]}
44. Nxe3+ {[%emt 0:00:02] VfBLeip2-003 offers a draw} Kd4 {[%emt 0:00:07]} 45.
Nc4 { [%emt 0:00:10]} c2 {[%emt 0:00:05]} 46. Nxa5 {[%emt 0:00:06]} c1=Q {[%emt
0:00:03]} 47. h4 {[%emt 0:00:06]} Qe1+ {[%emt 0:00:02]} 48. Kg2 {[%emt
0:00:04]} Re2+ {[%emt 0:00:01]} 49. Kf3 {[%emt 0:00:03]} Qf2+ {[%emt 0:00:02]}
50. Kg4 { [%emt 0:00:02]} Qf5+ {[%emt 0:00:02]} 51. Kg3 {[%emt 0:00:02]} Re3+
{[%emt 0:00:02]} 52. Kg2 {[%emt 0:00:07]} Qf3+ {[%emt 0:00:02]} 53. Kh2 {[%emt
0:00:02]} Qg3+ {[%emt 0:00:03]} 54. Kh1 {[%emt 0:00:09]} Re1# {[%emt 0:00:01]}
0-1

[Event "DSJ Weihnachtsturnier U16: Steinitz 2020"]
[Site ""]
[Date "2020.12.28"]
[Round "3"]
[White "Afonso, Phil"]
[Black "Willberg, Marek"]
[Result "0-1"]
[Termination "normal"]
[Board "3.4"]
[WhiteElo "1542"]
[BlackElo "1386"]
[WhiteTeam "SF 59 Kornwestheim"]
[BlackTeam "VfB Schach Leipzig"]
[PlyCount "82"]
[WhiteFideId "16207475"]
[BlackFideId "16224027"]
[EventRounds "7"]
[EventType "team-swiss"]
[EventDate "2020.12.28"]

1. e4 {[%emt 0:00:07]} b6 {[%emt 0:00:07]} 2. d4 {[%emt 0:00:04]} Bb7 {[%emt
0:00:03]} 3. Nc3 {[%emt 0:00:02]} e6 {[%emt 0:00:04]} 4. Nf3 {[%emt 0:00:02]}
Bb4 {[%emt 0:00:09]} 5. Bd3 {[%emt 0:00:09]} Nf6 {[%emt 0:00:07]} 6. e5 {[%emt
0:00:05]} Nd5 {[%emt 0:00:10]} 7. Bd2 {[%emt 0:00:08]} Nxc3 {[%emt 0:00:06]} 8.
Bxc3 {[%emt 0:00:04]} Bxc3+ {[%emt 0:00:02]} 9. bxc3 {[%emt 0:00:01]} h6 {
[%emt 0:00:04]} 10. O-O {[%emt 0:00:03]} O-O {[%emt 0:00:17]} 11. Qe2 {[%emt
0:00:11]} d6 {[%emt 0:00:12]} 12. Be4 {[%emt 0:00:13]} Bxe4 {[%emt 0:00:07]}
13. Qxe4 {[%emt 0:00:03] VfBLeip2-004 accepted take back of b8d7} Nd7 {[%emt
0:00:04]} 14. exd6 {[%emt 0:00:11]} cxd6 {[%emt 0:00:03]} 15. Qd3 {[%emt
0:00:13]} Rc8 {[%emt 0:00:06]} 16. Nd2 {[%emt 0:00:16]} d5 {[%emt 0:00:05]} 17.
Rab1 { [%emt 0:00:15]} Qc7 {[%emt 0:00:08]} 18. Rb3 {[%emt 0:00:07]} Nf6 {[%emt
0:00:09]} 19. f3 {[%emt 0:00:07]} Qd7 {[%emt 0:00:32]} 20. c4 {[%emt 0:00:33]}
dxc4 {[%emt 0:00:15]} 21. Nxc4 {[%emt 0:00:04]} Rfd8 {[%emt 0:00:18]} 22. c3 {
[%emt 0:00:25]} Nd5 {[%emt 0:00:16]} 23. Ne5 {[%emt 0:00:36]} Qa4 {[%emt
0:01:02]} 24. Rf2 {[%emt 0:00:30]} Rc7 {[%emt 0:00:41]} 25. Rc2 {[%emt
0:00:54]} Rdc8 {[%emt 0:00:55]} 26. h3 {[%emt 0:01:46]} Qa5 {[%emt 0:00:13]}
27. Rb5 { [%emt 0:00:53]} Qa6 {[%emt 0:01:06]} 28. c4 {[%emt 0:00:46]} Nf6
{[%emt 0:01:19]} 29. Kf2 {[%emt 0:00:44]} Nd7 {[%emt 0:00:18]} 30. Nxd7 {[%emt
0:00:18]} Rxd7 {[%emt 0:00:02]} 31. Ke3 {[%emt 0:00:06]} f5 {[%emt 0:00:18]}
32. Kd2 { [%emt 0:00:31]} Kf7 {[%emt 0:00:04]} 33. Kd1 {[%emt 0:00:04]} Rcd8
{[%emt 0:00:14]} 34. Rd2 {[%emt 0:00:26]} Rxd4 {[%emt 0:00:03]} 35. Qxd4 {[%emt
0:00:02]} Rxd4 {[%emt 0:00:02]} 36. Rxd4 {[%emt 0:00:01]} Qxa2 {[%emt 0:00:02]}
37. Rd7+ {[%emt 0:00:00]} Kf6 {[%emt 0:00:04]} 38. Rd2 {[%emt 0:00:01]} Qxc4
{[%emt 0:00:03]} 39. Rbb2 {[%emt 0:00:01]} g5 {[%emt 0:00:04]} 40. Ra2 {[%emt
0:00:02]} a5 {[%emt 0:00:02]} 41. Rac2 {[%emt 0:00:02]} Qf1# {[%emt 0:00:06]}
0-1

[Event "DSJ Weihnachtsturnier U16: Steinitz 2020"]
[Site ""]
[Date "2020.12.28"]
[Round "3"]
[White "Eilenberg, Jonas"]
[Black "Herter, Arne"]
[Result "1-0"]
[Termination "normal"]
[Board "4.1"]
[WhiteElo "2155"]
[BlackElo "1740"]
[WhiteTeam "SV Königsjäger Süd-West"]
[BlackTeam "Schachzwerge Magdeburg"]
[PlyCount "69"]
[WhiteFideId "16204271"]
[BlackFideId "16255372"]
[EventRounds "7"]
[EventType "team-swiss"]
[EventDate "2020.12.28"]

1. d4 {[%emt 0:00:07]} b6 {[%emt 0:00:02]} 2. Nf3 {[%emt 0:00:02]} Bb7 { [%emt
0:00:00]} 3. c4 {[%emt 0:00:02]} e6 {[%emt 0:00:01]} 4. Nc3 {[%emt 0:00:01]}
Bb4 {[%emt 0:00:03]} 5. Bg5 {[%emt 0:00:10]} Nf6 {[%emt 0:00:06]} 6. e3 { [%emt
0:00:03]} h6 {[%emt 0:00:03]} 7. Bh4 {[%emt 0:00:03]} O-O {[%emt 0:00:04] } 8.
Bd3 {[%emt 0:00:02]} d5 {[%emt 0:00:03]} 9. cxd5 {[%emt 0:00:04]} Bxd5 { [%emt
0:00:04]} 10. O-O {[%emt 0:00:03]} Bb7 {[%emt 0:00:03]} 11. Rc1 {[%emt
0:00:04]} Be7 {[%emt 0:00:06]} 12. Bg3 {[%emt 0:00:48]} c5 {[%emt 0:00:14]} 13.
dxc5 {[%emt 0:00:42]} Bxc5 {[%emt 0:00:05]} 14. Qe2 {[%emt 0:00:09]} Nc6 {
[%emt 0:00:40]} 15. Rfd1 {[%emt 0:00:04]} Qe7 {[%emt 0:00:03]} 16. Na4 { [%emt
0:00:25]} Rfd8 {[%emt 0:00:50]} 17. Nxc5 {[%emt 0:01:08]} bxc5 {[%emt 0:00:00]}
18. a3 {[%emt 0:00:01]} Rac8 {[%emt 0:00:21]} 19. Bh4 {[%emt 0:00:36]} Na5
{[%emt 0:00:08]} 20. Bc2 {[%emt 0:01:57]} c4 {[%emt 0:00:19]} 21. Nd4 { [%emt
0:00:08]} Ba8 {[%emt 0:00:39]} 22. f3 {[%emt 0:00:31]} e5 {[%emt 0:00:19] } 23.
Nf5 {[%emt 0:00:05]} Qe6 {[%emt 0:00:09]} 24. Qf2 {[%emt 0:00:30]} Rxd1+ {[%emt
0:00:50]} 25. Rxd1 {[%emt 0:00:04]} Nd5 {[%emt 0:00:23]} 26. Qg3 { [%emt
0:00:27]} g5 {[%emt 0:00:59]} 27. Bxg5 {[%emt 0:00:12]} hxg5 {[%emt 0:00:03]}
28. Qxg5+ {[%emt 0:00:02]} Kf8 {[%emt 0:00:10]} 29. Qg7+ {[%emt 0:00:46]} Ke8
{[%emt 0:00:05]} 30. e4 {[%emt 0:00:07]} Qb6+ {[%emt 0:00:47]} 31. Kh1 { [%emt
0:00:06]} Qxb2 {[%emt 0:00:52]} 32. Ba4+ {[%emt 0:00:39]} Bc6 {[%emt 0:00:14]}
33. Qg8+ {[%emt 0:00:08]} Kd7 {[%emt 0:00:09]} 34. Qxf7+ {[%emt 0:00:03]} Kd8
{[%emt 0:00:01]} 35. Qe7# {[%emt 0:00:07]} 1-0

[Event "DSJ Weihnachtsturnier U16: Steinitz 2020"]
[Site ""]
[Date "2020.12.28"]
[Round "3"]
[White "Udelnov, Valentin"]
[Black "Rose, Daniel"]
[Result "1/2-1/2"]
[Termination "normal"]
[Board "4.2"]
[WhiteElo "1748"]
[BlackElo "1816"]
[WhiteTeam "Schachzwerge Magdeburg"]
[BlackTeam "SV Königsjäger Süd-West"]
[PlyCount "129"]
[WhiteFideId "16265734"]
[BlackFideId "16242963"]
[EventRounds "7"]
[EventType "team-swiss"]
[EventDate "2020.12.28"]

1. e4 {[%emt 0:00:03]} d5 {[%emt 0:00:02]} 2. exd5 {[%emt 0:00:02]} Qxd5 {
[%emt 0:00:03]} 3. Nc3 {[%emt 0:00:02]} Qa5 {[%emt 0:00:03]} 4. d4 {[%emt
0:00:06]} Nf6 {[%emt 0:00:03]} 5. Nf3 {[%emt 0:00:05]} Bg4 {[%emt 0:00:02]} 6.
h3 { [%emt 0:00:06]} Bh5 {[%emt 0:00:11]} 7. Bf4 {[%emt 0:00:06]} e6 {[%emt
0:00:27] } 8. g4 {[%emt 0:00:04]} Bg6 {[%emt 0:00:04]} 9. Qd2 {[%emt 0:00:02]}
c6 { [%emt 0:00:42]} 10. O-O-O {[%emt 0:00:27]} Bb4 {[%emt 0:00:32]} 11. Kb1 {
[%emt 0:00:11]} Bxc3 {[%emt 0:00:07]} 12. Qxc3 {[%emt 0:00:00]} Qxc3 {[%emt
0:00:01]} 13. bxc3 {[%emt 0:00:02]} Ne4 {[%emt 0:00:01]} 14. Be3 {[%emt
0:00:26]} Nxc3+ {[%emt 0:00:10]} 15. Kc1 {[%emt 0:00:06]} Nxd1 {[%emt 0:00:02]}
16. Kxd1 {[%emt 0:00:00]} Be4 {[%emt 0:00:08]} 17. Bg2 {[%emt 0:00:05]} Nd7
{[%emt 0:00:01]} 18. Re1 {[%emt 0:01:03]} Nb6 {[%emt 0:00:11]} 19. Bf4 {[%emt
0:00:27]} Nd5 {[%emt 0:00:16]} 20. Bg3 {[%emt 0:00:22]} O-O-O {[%emt 0:00:07]}
21. Kd2 { [%emt 0:00:13]} Bxf3 {[%emt 0:00:05]} 22. Bxf3 {[%emt 0:00:01]} Nf6
{[%emt 0:00:18]} 23. c3 {[%emt 0:00:04]} g6 {[%emt 0:01:07]} 24. Be5 {[%emt
0:00:10]} Nd5 {[%emt 0:00:55]} 25. Bxd5 {[%emt 0:00:07]} cxd5 {[%emt 0:00:13]}
26. Bxh8 { [%emt 0:00:08]} Rxh8 {[%emt 0:00:02]} 27. g5 {[%emt 0:00:02]} Rd8
{[%emt 0:00:02]} 28. Re3 {[%emt 0:00:12]} Rd6 {[%emt 0:00:01]} 29. Rf3 {[%emt
0:00:03]} Rd7 {[%emt 0:00:01]} 30. Rf4 {[%emt 0:00:11]} Kd8 {[%emt 0:00:02]}
31. Rh4 { [%emt 0:00:02]} Rd6 {[%emt 0:00:05]} 32. Rxh7 {[%emt 0:00:02]} Ke7
{[%emt 0:00:00]} 33. Rh4 {[%emt 0:00:05]} Ra6 {[%emt 0:00:03]} 34. Rh8 {[%emt
0:00:07]} Rxa2+ {[%emt 0:00:02]} 35. Ke3 {[%emt 0:00:01]} Ra3 {[%emt 0:01:23]}
36. Kd3 { [%emt 0:00:03]} Ra2 {[%emt 0:00:16] Magdebg3-002 reconnected.} 37.
Rb8 { [%emt 0:00:28]} Rxf2 {[%emt 0:00:11]} 38. Rxb7+ {[%emt 0:00:03]} Kf8
{[%emt 0:00:02]} 39. Rxa7 {[%emt 0:00:20]} Rf3+ {[%emt 0:00:01]} 40. Kd2 {[%emt
0:00:25] } Rxh3 {[%emt 0:00:05]} 41. Rc7 {[%emt 0:00:11] Magdebg3-002 offers a
draw} Rg3 {[%emt 0:00:12]} 42. c4 {[%emt 0:00:02]} Rxg5 {[%emt 0:00:02]} 43. c5
{[%emt 0:00:03]} e5 {[%emt 0:00:08]} 44. c6 {[%emt 0:00:13]} Rg2+ {[%emt
0:00:10]} 45. Ke3 {[%emt 0:00:05]} e4 {[%emt 0:00:50] Sued-W1002 offers a draw
Magdebg3-002 reconnected.} 46. Rd7 {[%emt 0:00:35]} Rc2 {[%emt 0:00:04]} 47. c7
{[%emt 0:00:11]} Kg7 {[%emt 0:00:01]} 48. Rxd5 {[%emt 0:00:29]} Rxc7 {[%emt
0:00:06]} 49. Kxe4 {[%emt 0:00:01]} Re7+ {[%emt 0:00:08] Magdebg3-002
reconnected.} 50. Kf4 { [%emt 0:01:07]} Kf6 {[%emt 0:00:34]} 51. Ra5 {[%emt
0:00:23]} Re6 {[%emt 0:00:14]} 52. d5 {[%emt 0:00:23]} Rd6 {[%emt 0:00:02]} 53.
Rb5 {[%emt 0:00:04]} g5+ {[%emt 0:00:08]} 54. Ke4 {[%emt 0:00:06]} Kg6 {[%emt
0:00:22]} 55. Rc5 { [%emt 0:00:05]} Kf6 {[%emt 0:00:21]} 56. Rb5 {[%emt
0:00:11]} Ke7 {[%emt 0:00:11]} 57. Kf5 {[%emt 0:00:23]} f6 {[%emt 0:00:03]} 58.
Ke4 {[%emt 0:00:20]} g4 { [%emt 0:00:02]} 59. Kf4 {[%emt 0:00:05]} g3 {[%emt
0:00:01]} 60. Kxg3 {[%emt 0:00:01]} f5 {[%emt 0:00:01]} 61. Kf4 {[%emt
0:00:01]} Kf6 {[%emt 0:00:01]} 62. Rc5 {[%emt 0:00:03] Sued-W1002 offers a
draw} Ra6 {[%emt 0:00:06]} 63. Rc6+ { [%emt 0:00:02]} Rxc6 {[%emt 0:00:01]} 64.
dxc6 {[%emt 0:00:00]} Ke6 {[%emt 0:00:01] Magdebg3-002 offers a draw} 65. c7
{[%emt 0:00:01]} 1/2-1/2

[Event "DSJ Weihnachtsturnier U16: Steinitz 2020"]
[Site ""]
[Date "2020.12.28"]
[Round "3"]
[White "Sohr, Jim"]
[Black "Pohle, Saskia"]
[Result "0-1"]
[Termination "normal"]
[Board "4.3"]
[WhiteElo "1726"]
[BlackElo "1815"]
[WhiteTeam "SV Königsjäger Süd-West"]
[BlackTeam "Schachzwerge Magdeburg"]
[PlyCount "64"]
[WhiteFideId "16245105"]
[BlackFideId "16201604"]
[EventRounds "7"]
[EventType "team-swiss"]
[EventDate "2020.12.28"]

1. d4 {[%emt 0:00:10]} Nf6 {[%emt 0:00:02]} 2. c4 {[%emt 0:00:02]} g6 {[%emt
0:00:01]} 3. Nc3 {[%emt 0:00:02]} d5 {[%emt 0:00:02]} 4. cxd5 {[%emt 0:00:04]}
Nxd5 {[%emt 0:00:01]} 5. e4 {[%emt 0:00:01]} Nxc3 {[%emt 0:00:01]} 6. bxc3 {
[%emt 0:00:00]} Bg7 {[%emt 0:00:01]} 7. Qa4+ {[%emt 0:00:03]} Nd7 {[%emt
0:00:15]} 8. Nf3 {[%emt 0:00:09]} O-O {[%emt 0:00:09]} 9. Be2 {[%emt 0:00:06]}
c5 { [%emt 0:00:03]} 10. Be3 {[%emt 0:00:17]} Nf6 {[%emt 0:00:21]} 11. Qc2
{[%emt 0:00:17]} Qc7 {[%emt 0:00:22]} 12. e5 {[%emt 0:00:57]} Nd5 {[%emt
0:00:16]} 13. O-O {[%emt 0:00:18]} cxd4 {[%emt 0:00:38]} 14. Bxd4 {[%emt
0:00:13]} Nf4 { [%emt 0:00:19]} 15. Rac1 {[%emt 0:00:27]} Bf5 {[%emt 0:00:19]}
16. Qb2 { [%emt 0:00:06]} Bd3 {[%emt 0:00:23]} 17. Bxd3 {[%emt 0:01:26]} Nxd3
{[%emt 0:00:00]} 18. Qb3 {[%emt 0:00:03]} Nxc1 {[%emt 0:00:04]} 19. Rxc1 {[%emt
0:00:00] } b6 {[%emt 0:00:17]} 20. e6 {[%emt 0:00:27]} f6 {[%emt 0:00:09]} 21.
Qb2 { [%emt 0:00:44]} Rfd8 {[%emt 0:00:12]} 22. c4 {[%emt 0:00:41]} Qc6 {[%emt
0:00:37]} 23. Ng5 {[%emt 0:00:43]} Bh6 {[%emt 0:00:58]} 24. Nf7 {[%emt
0:00:48]} Bxc1 {[%emt 0:00:05] Sued-W1003 reconnected. .} 25. Nxd8 {[%emt
0:02:10]} Rxd8 {[%emt 0:00:06]} 26. Qc3 {[%emt 0:00:34]} Bg5 {[%emt 0:00:14]}
27. f4 {[%emt 0:00:04]} Bxf4 {[%emt 0:00:06]} 28. Bxf6 {[%emt 0:00:03]} exf6
{[%emt 0:00:40]} 29. Qxf6 {[%emt 0:00:00]} Qc5+ {[%emt 0:00:01]} 30. Kf1 {[%emt
0:00:01]} Rd1+ { [%emt 0:00:05]} 31. Ke2 {[%emt 0:00:01]} Qe3+ {[%emt 0:00:01]}
32. Kxd1 { [%emt 0:00:11]} Qd2# {[%emt 0:00:00]} 0-1

[Event "DSJ Weihnachtsturnier U16: Steinitz 2020"]
[Site ""]
[Date "2020.12.28"]
[Round "3"]
[White "Nönnig, Jakob"]
[Black "Boissel, Kasimir"]
[Result "1-0"]
[Termination "normal"]
[Board "4.4"]
[WhiteElo "1442"]
[BlackElo "1781"]
[WhiteTeam "Schachzwerge Magdeburg"]
[BlackTeam "SV Königsjäger Süd-West"]
[PlyCount "79"]
[WhiteFideId "16289447"]
[BlackFideId "16298209"]
[EventRounds "7"]
[EventType "team-swiss"]
[EventDate "2020.12.28"]

1. e4 {[%emt 0:00:02]} e6 {[%emt 0:00:04]} 2. d4 {[%emt 0:00:02]} d5 {[%emt
0:00:01]} 3. Nd2 {[%emt 0:00:03]} c6 {[%emt 0:00:02]} 4. c3 {[%emt 0:00:03]}
Bd6 {[%emt 0:00:02]} 5. Bd3 {[%emt 0:00:04]} Nd7 {[%emt 0:00:02]} 6. Ne2 {[%emt
0:00:02]} Bc7 {[%emt 0:00:15]} 7. O-O {[%emt 0:00:03]} Ne7 {[%emt 0:00:08]} 8.
Ng3 {[%emt 0:00:06]} Ng6 {[%emt 0:00:06]} 9. e5 {[%emt 0:00:06]} c5 {[%emt
0:00:07]} 10. Bb5 {[%emt 0:00:13]} cxd4 {[%emt 0:00:05]} 11. cxd4 {[%emt
0:00:03] } a6 {[%emt 0:00:03]} 12. Ba4 {[%emt 0:00:03]} b5 {[%emt 0:00:11]} 13.
Bb3 { [%emt 0:00:02]} Bb7 {[%emt 0:00:02]} 14. Qc2 {[%emt 0:00:16]} Rc8 {[%emt
0:00:05]} 15. Qd1 {[%emt 0:00:07]} Nb6 {[%emt 0:00:09]} 16. Bc2 {[%emt
0:00:08]} Nc4 {[%emt 0:00:07]} 17. Nxc4 {[%emt 0:00:02]} bxc4 {[%emt 0:00:05]}
18. Bd2 { [%emt 0:00:09]} Ba5 {[%emt 0:00:09]} 19. Rc1 {[%emt 0:00:19]} O-O
{[%emt 0:00:05]} 20. h3 {[%emt 0:00:21]} Bxd2 {[%emt 0:00:05]} 21. Qxd2 {[%emt
0:00:01]} Qb6 {[%emt 0:00:04]} 22. b3 {[%emt 0:00:12]} cxb3 {[%emt 0:00:08]}
23. Bxb3 { [%emt 0:00:00]} Rxc1 {[%emt 0:00:13]} 24. Rxc1 {[%emt 0:00:00]} Rc8
{[%emt 0:00:01]} 25. Rd1 {[%emt 0:00:04]} Qc7 {[%emt 0:00:07]} 26. Ne2 {[%emt
0:00:18]} Ne7 {[%emt 0:00:14]} 27. Qb4 {[%emt 0:00:09]} Nc6 {[%emt 0:00:15]}
28. Qa3 { [%emt 0:00:08]} Qe7 {[%emt 0:00:06]} 29. Qb2 {[%emt 0:00:03]} Qb4
{[%emt 0:00:07]} 30. a3 {[%emt 0:00:05]} Qb6 {[%emt 0:00:02]} 31. Qa2 {[%emt
0:00:04]} Na5 {[%emt 0:00:04]} 32. Bc2 {[%emt 0:00:06]} Qc7 {[%emt 0:00:03]}
33. Rc1 { [%emt 0:00:03]} Bc6 {[%emt 0:00:05]} 34. Bd3 {[%emt 0:00:04]} Qb7
{[%emt 0:00:05]} 35. Rb1 {[%emt 0:00:04]} Qd7 {[%emt 0:00:05]} 36. Bxa6 {[%emt
0:00:03]} Ba4 {[%emt 0:00:04]} 37. Bxc8 {[%emt 0:00:03]} Qxc8 {[%emt 0:00:03]}
38. Rc1 { [%emt 0:00:05]} Qb7 {[%emt 0:00:04]} 39. Qb2 {[%emt 0:00:06]} Qa7
{[%emt 0:00:05]} 40. Rc8+ {[%emt 0:00:03]} 1-0

[Event "DSJ Weihnachtsturnier U16: Steinitz 2020"]
[Site ""]
[Date "2020.12.28"]
[Round "3"]
[White "Matthäi, Jakob"]
[Black "Wehrstedt, Raphael"]
[Result "1-0"]
[Termination "normal"]
[Board "5.1"]
[WhiteElo "1919"]
[BlackElo "1592"]
[WhiteTeam "USG Chemnitz"]
[BlackTeam "SK Johanneum Eppendorf"]
[PlyCount "57"]
[WhiteFideId "16240421"]
[BlackFideId "34613781"]
[EventRounds "7"]
[EventType "team-swiss"]
[EventDate "2020.12.28"]

1. c4 {[%emt 0:00:06]} c5 {[%emt 0:00:15]} 2. g3 {[%emt 0:00:03]} Nc6 {[%emt
0:00:10]} 3. Bg2 {[%emt 0:00:04]} g6 {[%emt 0:00:02]} 4. Nc3 {[%emt 0:00:08]}
Bg7 {[%emt 0:00:03]} 5. a3 {[%emt 0:00:00]} e6 {[%emt 0:00:01]} 6. e3 {[%emt
0:00:24]} Nge7 {[%emt 0:00:10]} 7. Nge2 {[%emt 0:00:02]} O-O {[%emt 0:00:04]}
8. O-O {[%emt 0:00:07]} d5 {[%emt 0:00:04]} 9. cxd5 {[%emt 0:00:07]} exd5
{[%emt 0:00:00]} 10. d4 {[%emt 0:00:08]} cxd4 {[%emt 0:00:17]} 11. exd4 {[%emt
0:00:11]} Bg4 {[%emt 0:00:03]} 12. h3 {[%emt 0:00:13]} Be6 {[%emt 0:00:16]} 13.
g4 { [%emt 0:01:30]} Na5 {[%emt 0:00:47]} 14. Nf4 {[%emt 0:00:25]} Qb6 {[%emt
0:01:08]} 15. Be3 {[%emt 0:01:31]} Qxb2 {[%emt 0:01:50]} 16. Na4 {[%emt
0:01:07]} Qb5 {[%emt 0:01:41]} 17. Rb1 {[%emt 0:00:15]} Qc6 {[%emt 0:00:27]}
18. Rc1 { [%emt 0:00:23]} Nc4 {[%emt 0:00:59]} 19. Nc5 {[%emt 0:00:17]} b6
{[%emt 0:00:38]} 20. Rxc4 {[%emt 0:00:12]} bxc5 {[%emt 0:00:08]} 21. Rxc5
{[%emt 0:00:01]} Qd6 {[%emt 0:00:02]} 22. Qa4 {[%emt 0:00:38]} Rfc8 {[%emt
0:00:43]} 23. Rfc1 { [%emt 0:00:04]} Rxc5 {[%emt 0:00:09]} 24. Rxc5 {[%emt
0:00:02]} Rc8 {[%emt 0:00:14]} 25. Qxa7 {[%emt 0:00:33]} Rxc5 {[%emt 0:00:11]}
26. dxc5 {[%emt 0:00:08]} Qd8 {[%emt 0:00:18]} 27. Nxe6 {[%emt 0:00:17]} fxe6
{[%emt 0:00:00]} 28. Qb6 {[%emt 0:00:01]} d4 {[%emt 0:00:07]} 29. Qxd8+ {[%emt
0:00:23]} 1-0